Countries that start with G - Statistics

General Stats
  • This quiz has been taken 46 times
  • The average score is 9 of 11
Answer Stats
Answer % Correct
Guatemala
93%
Guinea
91%
Gabon
89%
Germany
89%
Ghana
87%
Guinea-Bissau
87%
Guyana
84%
Gambia
80%
Greece
80%
Grenada
78%
Georgia
73%
No matching quizzes found
Score Distribution
Percent of People with Each Score
Percentile by Number Answered
Your Score History
You have not taken this quiz